|
|
|
|
| LEADER |
01032naa a2200265 i 4500 |
| 001 |
publ32887 |
| 005 |
20250507080850.0 |
| 008 |
250507s1988 hu o 000 eng d |
| 020 |
|
|
|a 9783110115468; 9780899254302
|
| 024 |
7 |
|
|a 1943033
|2 mtmt
|
| 040 |
|
|
|a SZTE Publicatio Repozitórium
|b hun
|
| 041 |
|
|
|a eng
|
| 100 |
1 |
|
|a Nagy István
|
| 245 |
1 |
0 |
|a Trophic effect of CCK-8, secretin and their combination on rat pancreas during starvation.
|h [elektronikus dokumentum] /
|c Nagy István
|
| 260 |
|
|
|a Walter de Gruyter GmbH & Co KG
|b Berlin
|c 1988
|
| 300 |
|
|
|a 4
|
| 300 |
|
|
|a 361-364
|
| 490 |
0 |
|
|a Peptides : Chemistry, biology, interactions with proteins: Proceedings of the 50th Anniversary Symposium of the Nobel-Prize of Albert Szent-Györgyi
|
| 650 |
|
4 |
|a Kémiai tudományok
|
| 650 |
|
4 |
|a Klinikai orvostan
|
| 650 |
|
4 |
|a Egyéb orvostudományok
|
| 700 |
0 |
1 |
|a Pap Á.
|e aut
|
| 700 |
0 |
1 |
|a Varró Vince
|e aut
|
| 700 |
0 |
1 |
|a Tóth Gábor
|e aut
|
| 856 |
4 |
0 |
|u http://publicatio.bibl.u-szeged.hu/32887/1/aok_klny_461_88.pdf
|z Dokumentum-elérés
|